[Event "Corus"]
[Site "Wijk aan Zee"]
[Date "2009.02.01"]
[Round "13"]
[White "Wang, Yue"]
[Black "Carlsen, Magnus"]
[Result "1-0"]
[WhiteElo "2739"]
[BlackElo "2776"]
[PlyCount "133"]
[EventDate "2009.01.17"]
[EventType "tourn"]
[EventRounds "13"]
[EventCountry "NED"]
[EventCategory "19"]
[SourceTitle "CBM 129"]
[Source "ChessBase"]
[SourceDate "2009.03.25"]
[SourceVersion "1"]
[SourceVersionDate "2009.03.25"]
[SourceQuality "1"]

1. d4 d5 2. c4 e6 3. Nf3 Nf6 4. Nc3 c6 5. e3 Nbd7 6. Qc2 b6 7. Bd3 Bb7 8. O-O
dxc4 9. Bxc4 c5 10. Rd1 Qc8 11. d5 exd5 12. Nxd5 Bxd5 13. Bxd5 Nxd5 14. Rxd5
Be7 15. e4 O-O 16. Bg5 Re8 17. Rad1 Nf8 18. Qc4 Qe6 19. b3 h6 20. Bf4 Ng6 21.
Bg3 Bf8 22. Nd2 Ne7 23. Rd3 Nc6 24. Qxe6 Rxe6 25. a4 a6 26. f3 b5 27. Bf2 Rc8
28. axb5 axb5 29. Nf1 Nb4 30. Rc3 Ra6 31. Ne3 Ra3 32. Be1 Nc6 33. Rb1 Rca8 34.
Kf1 Nd4 35. Rd3 Ra2 36. b4 R8a3 37. Rbd1 Ne6 38. bxc5 Bxc5 39. Rxa3 Rxa3 40.
Nd5 Rb3 41. h4 b4 42. f4 Rb2 43. f5 Nd4 44. Bxb4 Bxb4 45. Rxd4 Rb1+ 46. Ke2
Rb2+ 47. Kf3 Be1 48. h5 Rf2+ 49. Ke3 Rxg2 50. Ra4 Bh4 51. Ra8+ Kh7 52. Rf8 Bg5+
53. Kf3 Rh2 54. Rxf7 Kg8 55. Ra7 Rxh5 56. e5 Rh3+ 57. Ke4 Rh1 58. e6 Re1+ 59.
Kd4 h5 60. Kc5 Re5 $2 (60... h4 $11) 61. f6 $1 Bxf6 62. Kd6 Rf5 63. Nxf6+ Rxf6
64. Kd7 h4 65. e7 Rf7 66. Kd8 Kh7 67. Ra6 1-0

[Event "Linares 26th"]
[Site "Linares"]
[Date "2009.02.19"]
[Round "1"]
[White "Aronian, Levon"]
[Black "Carlsen, Magnus"]
[Result "1/2-1/2"]
[WhiteElo "2750"]
[BlackElo "2776"]
[Annotator "CB"]
[PlyCount "73"]
[EventDate "2009.02.19"]
[EventType "tourn"]
[EventRounds "14"]
[EventCountry "ESP"]
[EventCategory "21"]
[SourceTitle "CBM 129"]
[Source "ChessBase"]
[SourceDate "2009.03.25"]
[SourceVersion "1"]
[SourceVersionDate "2009.03.25"]
[SourceQuality "1"]

1. d4 Nf6 2. c4 e6 3. g3 d5 4. Nf3 Be7 5. Bg2 O-O 6. O-O dxc4 7. Qc2 a6 8. Qxc4
b5 9. Qc2 Bb7 10. Bd2 Be4 11. Qc1 Bb7 {#} 12. a3 {A rare continuation in a
well-known theoretical position. Aronian, who by the way played this variation
before with both colours, is preparing b2-b4, which fights against Black's
main idea in this system: the advance c7-c5.} ({The most frequent continuation
here is} 12. Bf4 {a move played in the past also by Kasparov, or... Aronian
himself.}) 12... Qc8 13. b4 Nbd7 14. Bc3 {A new move.} (14. Bf4) 14... Ne4 15.
Nbd2 Bd5 16. Qc2 Nxd2 17. Bxd2 Qb7 18. Rac1 Rac8 {# White achieved his goal,
but Carlsen reasonably considers that one single weakness (pawn c7) in his
camp is easy to protect and therefore doesn't represent a real problem.} 19. e4
({After} 19. Rfe1 {Black can prevent e2-e4 with the radical} f5 ({or 19...Nf6,
but not} 19... Be4 $2 {in view of} 20. Ng5 Bxc2 21. Bxb7 {and in opposite to
the game White has kept the e-pawn.})) 19... Bxe4 20. Ng5 Bxc2 21. Bxb7 Bd3 22.
Rfe1 {Aronian offers his opponent the possibility to change his mind and
instead of giving up the exchange to return the extra pawn.} (22. Bxc8 Rxc8 23.
Rfe1 Bc4 {leads to the position from the game.}) 22... Bc4 $1 {Carlsen follows
his initial plan.} ({Weaker is} 22... Rb8 23. Rxc7 {with advantage for White})
23. Bxc8 Bxg5 $1 {Just like on move 16, for Black is important to exchange
enemy's knights.} 24. Bxg5 Rxc8 {# White won an exchange, but Black has a pawn
for it and a very good control over light squares. In fact from the practical
point of view the position is even easier to play with Black, since White
doesn't even have targets for attack. After several more moves the players
repeated the position and agreed to a draw:} 25. f3 f6 26. Bf4 Nb6 27. h4 Kf7
28. Kf2 c6 29. Bd6 Bd5 30. Bc5 Na4 31. g4 Ra8 32. Re2 a5 33. Bd6 axb4 34. Bxb4
Nb6 35. Bc5 Na4 36. Bb4 Nb6 37. Bc5 1/2-1/2

[Event "Linares 26th"]
[Site "Linares"]
[Date "2009.02.22"]
[Round "4"]
[White "Carlsen, Magnus"]
[Black "Ivanchuk, Vassily"]
[Result "1/2-1/2"]
[WhiteElo "2776"]
[BlackElo "2779"]
[Annotator "CB"]
[PlyCount "67"]
[EventDate "2009.02.19"]
[EventType "tourn"]
[EventRounds "14"]
[EventCountry "ESP"]
[EventCategory "21"]
[SourceTitle "CBM 129"]
[Source "ChessBase"]
[SourceDate "2009.03.25"]
[SourceVersion "1"]
[SourceVersionDate "2009.03.25"]
[SourceQuality "1"]

1. d4 Nf6 2. c4 g6 3. Nc3 d5 4. Qb3 dxc4 5. Qxc4 Be6 6. Qb5+ Bd7 7. Qb3 c5 8.
dxc5 Bg7 9. e4 Nc6 10. Nf3 Qa5 11. Bc4 O-O 12. O-O Qxc5 13. Be3 Qh5 14. Be2 Qa5
15. Rfd1 Rfd8 {#} 16. Nd5 {Perhaps a little too aggressive.} ({After} 16. h3
Rac8 17. Rac1 {White keeps a plus.}) 16... Nxd5 (16... Nxe4 17. Qxb7 Rab8 18.
Nxe7+ $1 Nxe7 19. Qxe4 {is slightly better for White}) 17. exd5 Ne5 18. a4 Ng4
19. Bd4 Bxd4 20. Rxd4 Qb6 21. Qc3 (21. Qxb6 axb6 22. Nd2 Nf6 23. Ne4 Nxe4 24.
Rxe4 Kf8 25. Rb4 Ra5 26. Rxb6 Rxa4 27. Rxa4 Bxa4 28. Rxb7 Rxd5 $11) 21... Rac8
22. Bc4 e5 $1 23. dxe6 Bxe6 24. a5 {#} (24. Rxd8+ Rxd8 25. Bxe6 Qxf2+ 26. Kh1
fxe6 {favours Black}) 24... Qxd4 25. Nxd4 Rxc4 26. Nxe6 {The only move} Rxc3
27. Nxd8 Rb3 (27... Rc7 $5) 28. h3 Ne5 29. Re1 Nc6 30. Nxc6 bxc6 31. Re7 Rxb2
32. Rxa7 Ra2 33. Rc7 Rxa5 34. Rxc6 1/2-1/2

[Event "Linares 26th"]
[Site "Linares"]
[Date "2009.03.01"]
[Round "9"]
[White "Dominguez Perez, Leinier"]
[Black "Carlsen, Magnus"]
[Result "0-1"]
[WhiteElo "2717"]
[BlackElo "2776"]
[Annotator "Rogozenco,D"]
[PlyCount "108"]
[EventDate "2009.02.19"]
[EventType "tourn"]
[EventRounds "14"]
[EventCountry "ESP"]
[EventCategory "21"]
[SourceTitle "CBM 129"]
[Source "ChessBase"]
[SourceDate "2009.03.25"]
[SourceVersion "1"]
[SourceVersionDate "2009.03.25"]
[SourceQuality "1"]

1. e4 c5 2. Nf3 d6 3. d4 cxd4 4. Nxd4 Nf6 5. Nc3 g6 6. Be3 Bg7 7. f3 Nc6 8. Qd2
O-O 9. Bc4 Bd7 10. O-O-O Rb8 11. Bb3 Na5 (11... Ne5 12. f4 Neg4 13. h3 Nxe3 14.
Qxe3 $14) 12. Bh6 {The Chinese Dragon (10...Rb8) is quickly developing and
already has its own theory. Dominguez goes for the latest fashion, where Black
was having troubles lately.} (12. g4 b5 13. Bh6 {is best answered with} Bxh6
14. Qxh6 {transposing to the game.}) (12. Kb1 b5 13. h4 Nc4 14. Bxc4 bxc4 {
is no problem for Black.}) 12... Bxh6 13. Qxh6 b5 14. g4 {Designed to prevent
the quick advance e7-e5. Other moves allow Black to combine conveniently the
advances ...e5 and ...b4.} (14. h4 e5 15. Nde2 b4 {has been tested multiple
times in practice and the assessment is that White has no advantage.}) 14...
Nxb3+ (14... e5 $2 {runs into} 15. Nf5 $1 $16) 15. Nxb3 b4 16. Nd5 Nxd5 17.
exd5 Rb6 $1 {Most likely this game will change the evaluation of the entire
line from better for White into perfectly acceptable for Black. The idea
behind 17...Rb6 is to protect the d6=pawn, then play e7-e5 and recapture with
the f-pawn on e6.} (17... Ba4 18. Nd4 Qa5 19. h4 $16 {1/2-1/2 Kritz,L (2609)
-Jianu,V (2531)/Plovdiv 2008 (51)}) 18. Rhe1 $146 {A logical novelty:
anticipating the advance of the e-pawn White brings his rook to the central
file. Unfortunately for the Cuban Grandmaster he will soon fail to do the same
with his queen, which will remain out of play on h6.} ({The only available
game went} 18. h4 e5 19. dxe6 fxe6 20. Rd3 ({In the event of Khalifman's
suggestion} 20. Qe3 {Black easily equalizes with} Qf6 21. Nc5 (21. Rh3 Qf4 $15)
21... dxc5 22. Rxd7 Ra6 (22... Qxf3 23. Qxf3 Rxf3 24. Rxa7 Rf7 25. Ra5 $14 {/=}
) 23. Qh6 Qf4+ 24. Qxf4 Rxf4 25. Rd8+ Kg7 $11) 20... Bb5 21. Re3 e5 22. h5 g5
23. Qe6+ Kh8 24. Nd2 Bd7 25. Qd5 $13 {1-0 Maslak,K (2521)-Porat,M (2137)/
Pardubice 2008 (55)}) 18... e5 19. dxe6 fxe6 20. Re3 {The course of the game
shows that leaving the queen on h6 is a little too ambitious.} (20. f4 $6 Qf6
21. Rd4 a5 $36) ({The main battlefield is the centre and therefore bringing
back the queen comes into consideration. After} 20. Qd2 {the position would
have remained double-edged. If} Rxf3 $6 {then} 21. Nd4 Rf6 22. g5 Rf7 23. Nxe6
$36) 20... Rf7 {Just in case, Carlsen takes control over the 7th file,
protecting once more the pawn on h7.} 21. Nd2 {Provoking the advance of the
d-pawn, which would weaken dark squares.} d5 {The most natural answer.} ({
However, an interesting possibility was} 21... Ra6 {trying to exploit the
temporary vulnerability of White's king. Dominguez had to find} 22. Kb1 ({
worse is} 22. Ne4 d5 23. Ng5 Re7 24. Kb1 Qa5 25. a3 Qc5 $17) 22... Bc6 (22...
Qa5 23. a3 $13) 23. Rxe6 Bd5 24. Re3 Bxa2+ 25. Kc1 Bd5 26. Ne4 Ra1+ 27. Kd2
Rxd1+ 28. Kxd1 {and White probably keeps the balance.}) 22. Nb3 {White has
achieved his goal, but it turns out that he cannot make full use of the
dark-squared weaknesses in Black's camp. The problem is that he must keep the
knight to protect his king. Moreover, in order to control squares d4 and e5
White needs his queen too.} Qc7 23. Kb1 (23. h4 $5) ({After} 23. Nd4 {Black
attacks the a2-pawn:} Ra6 (23... e5 $2 24. Rde1 $1) 24. Kb1 Qa5 (24... Qc4 $5)
25. a3 Rb6) 23... Rb8 24. Rde1 $6 {[%csl Rd4] Not sensing the danger.
Dominguez wants to create pressure on the e-file, but he loses control over
the d4-square. White has problems in the centre because besides controlling
the dark squares he must also protect the weak pawns c2 and f3. His queen on
h6 is basically doing nothing.} ({Now} 24. Nd4 {is met by} e5 $36) ({Correct
was} 24. Qh4 Rbf8 25. Qf2 Rf4 26. Qe2 {and Black is only marginally better.})
24... Rc8 25. R1e2 (25. Nd4 Rf4 26. Rd3 e5 $19) 25... Qb6 26. h4 {The battle
in the centre is lost and there is no choice left.} (26. Rd2 Rcf8 27. Nd4 Rf4
$17) 26... d4 27. Re5 (27. Rd3 Bb5 $19) 27... d3 $1 28. cxd3 Rxf3 29. d4 $2 (
29. h5 $2 Rxd3 30. Re1 Qf2 31. R5e2 Qxe2 $1 32. Rxe2 Rd1+ 33. Qc1 (33. Nc1 Bb5
$19 {[%cal Gb5d3]}) 33... Rcxc1+ 34. Nxc1 gxh5 35. gxh5 Rd5 $19) ({Again it
was necessary to return with the queen} 29. Qd2 {although after} Bb5 30. R5e3
Rcf8 {There is no question about Black's advantage.}) 29... Bb5 {Including the
bishop in the attack decides immediately.} 30. R2e3 ({Other moves lose quicker:
} 30. Re1 Rxb3 $1 31. axb3 Bd3+ 32. Ka2 Qa6+) ({Or} 30. Rxe6 Qxe6 31. Rxe6 Bd3+
32. Ka1 Rf1+) 30... Bd3+ 31. Ka1 Qxd4 {Nice, but not the most precise.} (31...
Rf2 $1 {wins by force:} 32. Re1 (32. h5 Qxd4 $19) (32. Rxe6 Qxe6 33. Rxe6 Rf1+)
32... Rxb2 $1 33. Kxb2 Rc2+ 34. Ka1 Qc6 $1 {[%cal Gc6c3]} 35. Rc5 (35. Nc5 Qg2
$19) 35... Rxa2+ 36. Kxa2 Qa4+ 37. Kb2 Qa3#) (31... Rf1+ $2 {on the other hand
throws the advantage away} 32. Re1) 32. Rxe6 (32. Nxd4 $2 Rc1#) 32... Rf1+ 33.
Re1 Qxg4 34. Rxf1 Qxe6 35. Nc5 Qe2 36. Rc1 Bf5 $17 {/-+} 37. Qf4 a5 38. h5 Qe7
39. Qc4+ ({With little time both players missed that after} 39. hxg6 $1 {
Black cannot take the knight:} Rxc5 $2 {due to} (39... hxg6 40. Qc4+ {and here}
Be6 {is not as strong as in the game:} 41. Qd4 Qg5 $2 42. Rh1 $1) 40. gxh7+
Kxh7 41. Qh2+ Kg8 (41... Bh3 $8 42. Qxh3+ Kg7 43. Rg1+ Rg5 44. Rh1 {and Black
still needs a lot of precision to defend}) 42. Qg1+ $18 {Therefore instead of
39...Rc5 Black should play 39...hxg6 40.Qc4+ Be6 but then after 41.Qd4 White
still can put up a stubborn resistance, since, in opposition to the game, the
open h-file makes a big difference and 41...Qg5 is not so good due to 42.Rh1
with White's counterplay.}) 39... Be6 40. Qc2 (40. Qd4 Qg5 $19) 40... Qg5 41.
hxg6 hxg6 $19 {The time-trouble is over and Black is completely winning thanks
to the pin on the c-file.} 42. a3 bxa3 43. Qc3 axb2+ (43... Qd5 44. b3 a4 $19)
44. Kxb2 Qd5 45. Rc2 a4 46. Ka1 a3 47. Qe3 Bf7 48. Qc3 g5 49. Qe3 Re8 50. Qc3
Re2 51. Nb3 (51. Rxe2 Qd1+) 51... Rxc2 52. Qxc2 Qe5+ 53. Kb1 Kg7 54. Qd2 Bxb3
0-1

[Event "Linares 26th"]
[Site "Linares"]
[Date "2009.03.02"]
[Round "10"]
[White "Carlsen, Magnus"]
[Black "Wang, Yue"]
[Result "0-1"]
[WhiteElo "2776"]
[BlackElo "2739"]
[Annotator "Giri,A"]
[PlyCount "128"]
[EventDate "2009.02.19"]
[EventType "tourn"]
[EventRounds "14"]
[EventCountry "ESP"]
[EventCategory "21"]
[SourceTitle "CBM 129"]
[Source "ChessBase"]
[SourceDate "2009.03.25"]
[SourceVersion "1"]
[SourceVersionDate "2009.03.25"]
[SourceQuality "1"]

1. d4 d5 2. c4 c6 3. Nc3 Nf6 4. e3 a6 5. Nf3 b5 6. b3 Bg4 7. Bd2 {A rare move,
which was played by Morozevich against Ivanchuk in Corus this year. White
wants to play h3-g4 chasing the bishop or exchanging it after h3 Bxf3.} Nbd7 {
Considering the speed Wang Yue made this move we can conclude that he was
ready for this rare line.} (7... e6 {is more usual.} 8. h3 Bh5 (8... Bxf3 9.
Qxf3 {with the bishop pair, though Black is very solid and not without plusses.
}) 9. g4 Bg6 10. Ne5 {with some initiative.}) 8. h3 Bxf3 9. Qxf3 b4 10. Na4 e5
$1 {The idea behind all of Wang's previous play. He strikes in the centre and
wants to use his lead in development and the white knight on the edge of the
board, which is a bad piece according to a certain Dr.Tarrasch (with whom I
fully agree!).} 11. Rc1 Bd6 12. cxd5 cxd5 13. dxe5 Nxe5 14. Qd1 O-O $1 15. Be2
{the last five moves were very logical, but now Wang played} a5 {A strong and
not very obvious (for me at least) move. Black protects the b4 and a6 pawns
for the future.} 16. Rc2 {An interesting plan by Magnus. He wants to improve
his bishop before castling.} Qe7 17. Bc1 Rad8 18. Bb2 Ng6 19. O-O {Finally
when all the white pieces are more less well developed (I am not talking about
Tarrasch's knight!) White castles.} Ne4 20. Bd4 Nh4 $1 {Black has an isolated
pawn, but now he shows that he is also not without play.} 21. Bd3 (21. Bb6 {
a computer-like move. White just wants to take everything, but Black has his
own play against White's king.} Qg5 22. Bg4 (22. g4 Rc8 23. Rxc8 {and now
there are a lot of ways to equalise for Black, but I will just give the nicest.
} Nf3+ $5 24. Kg2 (24. Bxf3 Qe5 {with mate, even though Black is a rook and
piece down!}) 24... Nh4+ {A nice perpetual.}) 22... h5 $1 23. Bxd8 Rxd8 24. f4
Qe7 25. Bxh5 Ng3 26. Re1 Nxh5 27. Qxh5 Bxf4 28. Qe2 Bg5 {With compensation for
the exchange. I would prefer to play with Black here, though the position is
far from clear. Those knights on h4 and a4 are not of the same value!}) 21...
Nf5 22. Bb6 Rb8 {By this point White is already not fighting for the advantage.
} 23. Bxe4 {It is not very good to give up your "good" bishop, but it was a
very understandable decision, as the knight on e4 was really scary.} (23. Qe2
$5 {Black's threats look scary, but White can defend. And after all an
isolated pawn is still there. On the other hand Black has some initiative. I
would say the position is equal, but I like Black more, as some players, like
me for example, prefer the initiative. Anyway, it is just a matter of taste.}
Qe5 24. g3 Rfc8 25. Rxc8+ Rxc8 26. Rd1 g6 27. Qf3 h5 {Something like this
could happen after 23.Qe2!? Black's initiative at least fully compensates for
his weaknesses.}) 23... Qxe4 24. Rd2 (24. Qe2 {was safer.} Nh4 25. f3 Qg6 26.
Rd2 Rfe8 {The position is approximately equal, but still Black keeps some sort
of pressure, which compensates for weaknesses on d5 and a5. Only Black can be
better here.}) 24... Rxb6 $1 {The bishop must be killed! Reason: He was
protecting the e3 square. Poor guy...} 25. Nxb6 Qe5 (25... Nxe3 $5 {Would
probably not be so great as it looks.} 26. fxe3 Qxe3+ 27. Rdf2 Qxb6 {an
attempt at winning.} (27... Qg3 28. Re2 Qh2+ 29. Kf2 Qg3+ {draw.}) 28. Kh1 Qe3
29. Qf3 Qe5 30. g3 {and I think White has no problems at all.}) 26. Re1 $2 {
was the first and the last mistake, though White probably made some inaccurate
moves earlier.} (26. g3 $1 {holds the position.} Nxg3 27. Re1 Ne4 {Trying to
play for a win.} (27... Ne2+ $5 28. Kf1 $1 {Black has nothing but a draw here.}
Qh5 29. Kg2 Qg6+ 30. Kf1 Qh5 $11) 28. f4 Qe6 29. Rg2 Bc5 30. Na4 Ba7 31. Qg4 g6
32. Qxe6 fxe6 {with something like equality in this strange sharp ending.})
26... Qh2+ 27. Kf1 Qh1+ 28. Ke2 Qxg2 29. Rxd5 Ng3+ 30. Kd3 Bc7 $1 {Wang Yue is
precise!} 31. fxg3 Bxb6 32. Kc4 {Even such a brilliant move cannot help White.
His king will be in trouble everywhere.} Rb8 $1 {A very strong and nice move -
the b5-square is taken away from White's king!} 33. Kb5 {Everything will lose
here, but this move is a blunder. It is understandable - Magnus was in time
trouble and his position was very difficult.} Bd4+ $6 {Here Wang missed an
opportunity to mate Magnus immediately.} (33... Bd8+ $1 {just mates.} 34. Ka6 {
other moves do not help either.} Bc7 35. Qd4 Qxh3 {The queen is coming back to
c8 and mate is inevitable.}) 34. Kc4 Bf6 35. Qd3 Qxg3 36. Rd1 Qc7+ 37. Rc5 Qb7
38. Qd6 $2 {Magnus had less than a minute and not surprisingly he did not find
the best chance, which was given to him by Wang on move 33...} (38. Qd7 $1 {
To threaten Rc8 with mate at some point later on.} Qe4+ 39. Rd4 Qc2+ 40. Kd5
Qg2+ 41. e4 g6 {mate on c8 was threatened.} 42. Rc8+ Rxc8 43. Qxc8+ Kg7 44. Rd3
{and it is still better for Black, but not that much anymore.}) 38... Qe4+ 39.
Rd4 Qc2+ 40. Kd5 Qg2+ 41. e4 Rd8 42. Qxd8+ Bxd8 43. Rc8 g6 {The ending is easy
for Black, and Wang finishes the game off nicely.} 44. Rxd8+ Kg7 45. Rd3 Qc2
46. Kd4 a4 47. bxa4 Qxa2 48. Kc5 b3 49. Rb8 b2 50. Rdb3 Qxa4 51. Rxb2 Qxe4 52.
R8b3 Kh6 53. Rc3 f5 54. Rbb3 Qe5+ 55. Kc4 Kh5 56. Kd3 Kh4 57. Kd2 f4 58. Rf3 g5
59. Rfd3 Qc5 60. Rbc3 Qf2+ 61. Kd1 Qf1+ 62. Kd2 Qg2+ 63. Kd1 Qe4 64. Kd2 h5 0-1